000 00580nam a2200169 i 4500
001 58306
003 ES-MaACL
005 20230906163756.0
007 t|
008 031021s1948 sp ||||1| spa d
100 1 _aDurán Muñoz, García.
_946230
245 1 0 _aDel sentimiento e idea política en Don Santiago Ramón y Cajal /
_cGarcía Durán Muñoz ; Prólogo de Julián Sánchez Duarte.
260 _a[Madrid] :
_bEditora Nacional,
_c1948 (
_fYagües)
300 _aXV, 349 p. ;
_c20 cm.
700 1 _aSánchez Duarte, Julián.
_9102618
852 _aES-MaACL
_jF-5242
_bR.26794
999 _c58306
_d58306